История России с позиций разных идеологий: учебное пособие

التفاصيل البيبلوغرافية
مؤلفون آخرون: Личман Б. В. Борис Васильевич (редактор)
الملخص:В учебнике впервые осуществлен переход к новому уровню преподавания дисциплины — сравнения и толерантности мировоззренческих взглядов на причину и оценку исторических фактов. Под мировоззрением понимается система взглядов человека на мир и свое место в нем.
اللغة:الروسية
منشور في: Ростов-на-Дону, Феникс, 2007
سلاسل:Высшее образование
الموضوعات:
التنسيق: كتاب
KOHA link:https://koha.lib.tpu.ru/cgi-bin/koha/opac-detail.pl?biblionumber=137252

MARC

LEADER 00000nam0a2200000 4500
001 137252
005 20241211173957.0
010 |a 9785222120576 
035 |a (RuTPU)RU\TPU\book\148746 
090 |a 137252 
100 |a 20080507d2007 m y0rusy50 ca 
101 0 |a rus 
102 |a RU 
105 |a a j 001zy 
200 1 |a История России с позиций разных идеологий  |e учебное пособие  |f под ред. Б. В. Личмана 
210 |a Ростов-на-Дону  |c Феникс  |d 2007 
215 |a 461 с.  |c ил. 
225 1 |a Высшее образование 
320 |a Библиогр.: с. 452-454. 
330 |a В учебнике впервые осуществлен переход к новому уровню преподавания дисциплины — сравнения и толерантности мировоззренческих взглядов на причину и оценку исторических фактов. Под мировоззрением понимается система взглядов человека на мир и свое место в нем. 
606 |a Россия  |x История  |9 81526 
610 1 |a идеология 
610 1 |a толерантность 
610 1 |a методология 
610 1 |a Евразия 
610 1 |a древние народы 
610 1 |a древние государства 
610 1 |a Киевская Русь 
610 1 |a Золотая Орда 
610 1 |a Литовско-Русское государство 
610 1 |a Московское царство 
610 1 |a Российское государство 
610 1 |a Российская империя 
610 1 |a просвещенный абсолютизм 
610 1 |a реформы 
610 1 |a Первая мировая война 1914-1918 
610 1 |a Советская Россия 
610 1 |a Гражданская война 1918-1921 
610 1 |a СССР 
610 1 |a Великая Отечественная война 1941-1945 
610 1 |a Российская Федерация 
610 1 |a учебные пособия 
686 |a Т3(2)я73  |2 rubbk 
702 1 |a Личман  |b Б. В.  |g Борис Васильевич  |4 340 
801 1 |a RU  |b 63413507  |c 20080507  |g PSBO 
801 2 |a RU  |b 63413507  |c 20191211  |g PSBO 
942 |c BK